2025-2026 NFL Top 20 Fantasy Leaders At Each Position Whole Season - Statistics

General Stats
  • This quiz has been taken 149 times
  • The average score is 61 of 120
Answer Stats
Position Answer % Correct
QB 1 Josh Allen
100%
QB 20 Lamar Jackson
95%
QB 6 Caleb Williams
93%
QB 2 Drake Maye
93%
WR 10 Jameson Williams
93%
RB 11 Javonte Williams
93%
WR 2 Jaxon Smith-Njigba
93%
RB 8 Kyren Williams
93%
WR 3 Amon-Ra St. Brown
91%
QB 3 Matthew Stafford
91%
WR 14 A.J. Brown
87%
RB 10 Chase Brown
87%
RB 2 Christian McCaffrey
87%
QB 11 Patrick Mahomes III
85%
WR 1 Puka Nacua
85%
QB 7 Bo Nix
84%
QB 5 Dak Prescott
84%
RB 1 Jonathan Taylor
84%
QB 15 Jordan Love
83%
QB 8 Jared Goff
82%
RB 3 Bijan Robinson
81%
QB 9 Jalen Hurts
79%
QB 10 Justin Herbert
78%
QB 18 Aaron Rodgers
77%
QB 12 Baker Mayfield
77%
RB 6 Derrick Henry
77%
TE 4 Hunter Henry
77%
WR 5 Ja'Marr Chase
77%
RB 4 Jahmyr Gibbs
76%
QB 4 Trevor Lawrence
76%
WR 4 George Pickens
74%
QB 13 Sam Darnold
74%
QB 17 Daniel Jones
73%
RB 13 Saquon Barkley
71%
TE 1 Trey McBride
70%
RB 5 James Cook III
69%
QB 19 Bryce Young
68%
TE 5 Travis Kelce
67%
TE 8 Brock Bowers
66%
RB 12 Josh Jacobs
66%
QB 14 Jaxson Dart
65%
TE 11 George Kittle
63%
RB 7 De'Von Achane
60%
RB 17 Jaylen Warren
59%
TE 7 Tyler Warren
59%
RB 15 Ashton Jeanty
53%
QB 16 Jacoby Brissett
52%
WR 13 Michael Wilson
52%
TE 3 Kyle Pitts Sr.
51%
RB 16 Rico Dowdle
51%
DEF 2 Houston Texans
50%
WR 7 Davante Adams
49%
K 3 Brandon Aubrey
48%
TE 2 Dallas Goedert
48%
TE 12 Juwan Johnson
46%
TE 19 Theo Johnson
46%
DEF 8 Cleveland Browns
45%
DEF 10 New England Patriots
45%
DEF 1 Seattle Seahawks
45%
RB 9 Travis Etienne Jr.
45%
RB 14 D'Andre Swift
44%
DEF 4 Denver Broncos
44%
TE 18 Mark Andrews
44%
WR 11 Tee Higgins
44%
WR 6 Chris Olave
43%
WR 17 Drake London
43%
RB 19 TreVeyon Henderson
43%
WR 8 Zay Flowers
43%
TE 9 Colston Loveland
41%
WR 9 Nico Collins
41%
DEF 7 Philadelphia Eagles
41%
TE 17 Tucker Kraft
41%
DEF 19 Baltimore Ravens
40%
DEF 5 Los Angeles Rams
40%
DEF 9 Pittsburgh Steelers
40%
RB 18 Breece Hall
39%
DEF 20 Detroit Lions
39%
WR 20 DK Metcalf
39%
TE 10 Jake Ferguson
39%
WR 19 Jaylen Waddle
39%
DEF 13 Chicago Bears
38%
DEF 6 Minnesota Vikings
38%
DEF 15 Buffalo Bills
37%
WR 12 Courtland Sutton
37%
DEF 14 Los Angeles Chargers
37%
WR 15 Tetairoa McMillan
37%
WR 18 Emeka Egbuka
36%
K 4 Cameron Dicker
35%
TE 15 Dalton Kincaid
35%
DEF 12 New Orleans Saints
35%
DEF 17 Tampa Bay Buccaneers
35%
DEF 16 Carolina Panthers
34%
K 1 Jason Myers
33%
DEF 3 Jacksonville Jaguars
32%
DEF 11 Atlanta Falcons
30%
DEF 18 Indianapolis Colts
30%
K 5 Cam Little
28%
K 9 Chris Boswell
28%
K 11 Harrison Butker
26%
TE 13 Dalton Schultz
24%
TE 6 Harold Fannin Jr.
24%
K 8 Jake Bates
23%
WR 16 Alec Pierce
22%
TE 14 AJ Barner
19%
K 2 Ka'imi Fairbairn
19%
TE 20 Oronde Gadsden II
19%
K 6 WIll Reichard
19%
K 12 Tyler Loop
17%
RB 20 Zach Charbonnet
16%
TE 16 Colby Parkinson
15%
K 14 Evan McPherson
15%
K 16 Will Lutz
14%
K 10 Andy Borregales
13%
K 7 Chase McLaughlin
13%
K 17 Cairo Santos
11%
K 13 Eddy Pineiro
11%
K 15 Joey Slye
7%
K 19 Chad Ryland
3%
K 20 Blake Grupe
2%
K 18 Riley Patterson
0%
No matching quizzes found
Score Distribution
Percent of People with Each Score
Percentile by Number Answered
Your Score History
You have not taken this quiz